000 04401cam a2200361 4500500
005 20260517000342.0
041 _afre
042 _adc
100 1 0 _aBell, Linda
_eauthor
700 1 0 _aBenoit, Annie
_eauthor
700 1 0 _aSimoneau-Roy, Judith
_eauthor
700 1 0 _aBlouin, Simon
_eauthor
700 1 0 _aGallagher, Frances
_eauthor
245 0 0 _aLes facteurs associés à la poursuite de l’allaitement maternel chez les jeunes mères canadiennes
260 _c2015.
500 _a96
520 _aRésumé Objectifs : Les taux de poursuite de l’allaitement sont les plus faibles chez les jeunes mères, alors que peu d’études portent spécifiquement sur cette population. Cette étude décrit les facteurs liés à la poursuite de l’allaitement au-delà de deux mois chez les jeunes mères canadiennes. Méthode : Un devis descriptif corrélationnel a été utilisé pour identifier et quantifier l’impact des facteurs influençant la poursuite de l’allaitement au-delà de deux mois. Les données proviennent d’une sélection des mères de 15 à 19 ans ayant répondu à l’Enquête canadienne sur l’expérience de la maternité. Résultats : La différence entre les sous-groupes d’âge (15-18 vs 19 ans) en ce qui concerne la poursuite de l’allaitement n’est pas significative, mais ne pas fumer (RC 2,78 ; IC 95 %, 1,351-5,682), vivre en couple (RC 1,96 ; IC 95 %, 1,087-3,597), accoucher par voie vaginale (RC 2,22 ; IC 95 %, 1,012-4,878) ainsi que de subir un nombre élevé de situations stressantes (RC 0,42 ; IC 95 %, 0,221-0,788) favorisent la poursuite de l’allaitement au-delà de deux mois. Aucune relation significative n’a été trouvée avec la planification de la grossesse, la préparation prénatale, la violence subie, les symptômes dépressifs et la disponibilité du soutien social. Conclusion : Certains facteurs reliés aux périodes pré- et postnatales, en plus des facteurs sociodémographiques, influencent le choix des jeunes mères canadiennes de poursuivre ou non l’allaitement au-delà de deux mois. Nos résultats serviront à guider les interventions spécifiques aux jeunes mères dans le cadre de programmes de protection, de promotion et de soutien à l’allaitement maternel.
520 _aFactors associated with breastfeeding continuation in young Canadian mothersSummary Objectives: Breastfeeding continuation rates are lower among young mothers, while few studies have specifically focused on this population. This study describes the factors related to continued breastfeeding beyond two months among young Canadian mothers. Methods: A descriptive and correlational design was used to identify and quantify the impact of factors affecting continued breastfeeding beyond two months. Data were derived from a selection of mothers 15-19 years who responded to The Maternity Experiences Survey. Results: The difference between subgroups (15-18 vs 19 years old) in terms of breastfeeding continuation was not significant, but non-smoking (OR 2.78, 95% CI, 1.351 - 5.682), living with a partner (OR 1.96, 95% CI, 1.087 to 3.597), vaginal delivery (OR 2.22, 95% CI, 1.012 to 4.878) and experiencing a large number of stressful situations (RC 0.42, 95% CI, 0.221 to 0.788) promotes continued breastfeeding beyond two months. No significant relationship was found with pregnancy planning, prenatal preparation, the violence suffered, depressive symptoms and the availability of social support. Conclusion: Some factors related to pre-and postnatal periods, in addition to sociodemographic factors influence the choice of young Canadian mothers to continue or not continue breastfeeding beyond two months. Our results will be used to guide specific interventions for young mothers in breastfeeding protection, promotion and support programmes.
690 _aadolescence
690 _aallaitement maternel
690 _aanxiété
690 _afacteurs socio-démographiques
690 _amode d’accouchement
690 _atabagisme
690 _aadolescence
690 _aanxiety
690 _abreastfeeding
690 _adelivery mode
690 _asmoking
690 _asociodemographic factors
786 0 _nSanté Publique | 27 | 1 | 2015-03-18 | p. 7-15 | 0995-3914
856 4 1 _uhttps://stm.cairn.info/revue-sante-publique-2015-1-page-7?lang=fr&redirect-ssocas=7080
999 _c2231529
_d2231529